[Event "Sparkassen Open A"]
[Site "Dortmund GER"]
[Date "2010.07.18"]
[Round "2"]
[White "Kuznetsov,Mar"]
[Black "Carlstedt,J"]
[Result "1-0"]
[WhiteElo "2085"]
[BlackElo "2379"]
[EventDate "2010.07.17"]

1. e4 Nf6 2. Nc3 d5 3. exd5 Nxd5 4. Bc4 e6 5. Nge2 Be7 6. d4 O-O 7. O-O c6
8. Nxd5 exd5 9. Bd3 Nd7 10. Ng3 Nf6 11. Bg5 Bg4 12. f3 Bd7 13. Re1 h6 14.
Bf4 Nh7 15. Qd2 Bg5 16. Bxg5 Nxg5 17. h4 Ne6 18. Nf5 Qf6 19. c3 Rfd8 20.
Re5 Nf8 21. Qf4 Kh8 22. Rae1 Ng6 23. Qg3 Rf8 24. f4 Nxe5 25. dxe5 Qg6 26.
Qxg6 fxg6 27. Ne7 Bf5 28. Nxg6+ Bxg6 29. Bxg6 Rxf4 30. e6 Rf6 31. h5 Rff8
32. e7 Rfe8 33. Kf2 c5 34. Kf3 d4 35. cxd4 cxd4 36. Kf4 Rac8 37. Bxe8 Rxe8
38. Kf5 d3 39. Ke6 Kg8 40. Rd1 1-0

[Event "Sparkassen Open A"]
[Site "Dortmund GER"]
[Date "2010.07.18"]
[Round "2"]
[White "Kahleys,K"]
[Black "Michalczak,T"]
[Result "0-1"]
[WhiteElo "2071"]
[BlackElo "2367"]
[EventDate "2010.07.17"]

1. d4 d5 2. c4 c6 3. cxd5 cxd5 4. Nc3 Nf6 5. Nf3 Nc6 6. Bf4 Nh5 7. Bg3 Nxg3
8. hxg3 e6 9. e3 Be7 10. a3 f5 11. Bd3 Kf7 12. b4 a6 13. Rc1 h5 14. Na4 g5
15. Rxc6 bxc6 16. Ne5+ Kg7 17. Nxc6 Qe8 18. Nxe7 Qxe7 19. Nc5 g4 20. Rh4 a5
21. b5 e5 22. Qa1 f4 23. e4 fxg3 24. fxg3 Qg5 25. Ke2 Re8 26. Rh1 Kh6 27.
Rf1 Ra7 28. b6 Rae7 29. dxe5 dxe4 30. Nxe4 Rxe5 31. Rf4 Ba6 32. Kd2 Rd8 33.
Nxg5 Rxd3+ 34. Kc2 Re2+ 35. Kc1 Re1+ 36. Kb2 Re2+ 37. Kc1 Re1+ 38. Kb2 Rxa1
39. Nf7+ Kg7 40. Kxa1 Rb3 41. Ne5 Rxb6 42. Rf7+ Kh6 43. Rf4 Bb7 44. Nxg4+
hxg4 45. Rxg4 Bxg2 46. Rd4 Rb5 47. Rd2 Be4 48. Rd4 Bf5 49. Rf4 Kg5 50. Rd4
Kf6 51. Rh4 Ke5 52. Rf4 Be4 53. Rf2 Kd4 54. Rb2 Rc5 55. Rb3 Bd5 56. Rb6 Kc3
57. g4 Bb3 58. Rh6 Bc4 59. Rh3+ Bd3 60. Rh5 Rc8 61. Rh1 Kb3 62. Rd1 Rc3 63.
g5 Kc2 0-1

[Event "Sparkassen Open A"]
[Site "Dortmund GER"]
[Date "2010.07.18"]
[Round "2"]
[White "Krueger,An"]
[Black "Wiebe,P"]
[Result "1-0"]
[WhiteElo "2061"]
[BlackElo "2248"]
[EventDate "2010.07.17"]

1. d4 d5 2. c4 c6 3. Nf3 e6 4. Qc2 f5 5. Bf4 Nf6 6. e3 Ne4 7. Nc3 Bb4 8.
Bd3 Nd7 9. a3 Qa5 10. O-O Bxc3 11. bxc3 O-O 12. cxd5 exd5 13. c4 Ndf6 14.
cxd5 cxd5 15. Rfb1 Qd8 16. h3 Qe7 17. Qb2 Nh5 18. Be5 f4 19. Qb3 Kh8 20.
Qxd5 Nc3 21. Qd6 Qxd6 22. Bxd6 Rd8 23. Rc1 Nd5 24. Ng5 Be6 25. Be5 Bg8 26.
e4 Nb6 27. Rc7 Rd7 28. Rac1 a6 29. Rb1 Rxc7 30. Bxc7 Nc4 31. Bxc4 Bxc4 32.
Rxb7 h6 33. Nf3 Nf6 34. Ne5 Bb5 35. f3 Rc8 36. d5 Re8 37. Nf7+ Kg8 38. Nd6
1-0

[Event "Sparkassen Open A"]
[Site "Dortmund GER"]
[Date "2010.07.18"]
[Round "2"]
[White "Mazarov,J"]
[Black "Strathoff,J"]
[Result "0-1"]
[WhiteElo "2167"]
[BlackElo "2080"]
[EventDate "2010.07.17"]

1. e4 e5 2. Nf3 Nc6 3. Bb5 g6 4. O-O Bg7 5. c3 Nge7 6. d4 exd4 7. cxd4 d6
8. d5 a6 9. Ba4 b5 10. Bc2 Ne5 11. Nxe5 dxe5 12. a4 Rb8 13. axb5 axb5 14.
Be3 O-O 15. b4 f5 16. Nc3 Kh8 17. f3 Rf6 18. f4 exf4 19. Bd4 Rf7 20. Bxg7+
Rxg7 21. e5 Bb7 22. Bb3 g5 23. Qd3 Nc6 24. e6 Nxb4 25. Qxf5 Qe7 26. Rad1
Qc5+ 27. Kh1 Qxc3 28. Rc1 Qxb3 29. e7 Qxd5 30. Qf8+ Qg8 0-1

[Event "Sparkassen Open A"]
[Site "Dortmund GER"]
[Date "2010.07.18"]
[Round "2"]
[White "Konow,P"]
[Black "Roehrich,S"]
[Result "1-0"]
[WhiteElo "1889"]
[BlackElo "2142"]
[EventDate "2010.07.17"]

1. d4 Nf6 2. c4 c5 3. d5 b5 4. Qc2 b4 5. e4 d6 6. Nf3 e5 7. dxe6 fxe6 8. e5
dxe5 9. Nxe5 Bd6 10. Nf3 O-O 11. Bd3 Bb7 12. Nbd2 Nc6 13. Ne4 e5 14. Nxf6+
Qxf6 15. Bxh7+ Kh8 16. Bg5 Qe6 17. O-O-O Rxf3 18. gxf3 Nd4 19. Rxd4 cxd4
20. Bf5 Qf7 21. Rg1 Rf8 22. Be4 Bxe4 23. Qxe4 Qxf3 24. Qg6 Qf5 25. Qxd6
Qxf2 26. Rd1 Rf3 27. Qxe5 Rc3+ 28. bxc3 bxc3 29. Qe8+ Kh7 30. Qe4+ Kg8 31.
Qc2 1-0

[Event "Sparkassen Open A"]
[Site "Dortmund GER"]
[Date "2010.07.18"]
[Round "2"]
[White "Naundorf,M"]
[Black "Richters,M"]
[Result "1/2-1/2"]
[WhiteElo "2127"]
[BlackElo "1951"]
[EventDate "2010.07.17"]

1. c4 Nf6 2. g3 g6 3. Bg2 Bg7 4. Nc3 d6 5. d4 O-O 6. Nf3 Nbd7 7. O-O e5 8.
h3 Ne8 9. e4 c6 10. Be3 Qe7 11. Re1 h6 12. Qc2 a6 13. Rad1 Nb6 14. b3 Nd7
15. a4 a5 16. Re2 Nb8 17. Qc1 Kh7 18. Red2 f5 19. exf5 gxf5 20. dxe5
1/2-1/2

[Event "Sparkassen Open A"]
[Site "Dortmund GER"]
[Date "2010.07.18"]
[Round "2"]
[White "Bach,Mat"]
[Black "Henkemeier,Mi"]
[Result "1-0"]
[WhiteElo "2303"]
[BlackElo "1922"]
[EventDate "2010.07.17"]

1. e4 c6 2. d4 d5 3. Nc3 dxe4 4. f3 exf3 5. Nxf3 Bg4 6. Bc4 e6 7. O-O Nf6
8. Ne2 Bd6 9. Qe1 Nbd7 10. h3 Bf5 11. c3 O-O 12. Nf4 Qc7 13. Nh4 Be4 14.
Qe2 c5 15. Be3 cxd4 16. cxd4 Nb6 17. Bb3 Nbd5 18. Nxd5 exd5 19. Nf5 Bh2+
20. Kh1 Rae8 21. Rac1 Qb8 22. Nh6+ Kh8 23. Rxf6 gxh6 24. Bc2 Rg8 25. Bxe4
Rxe4 26. Rcf1 Qe8 27. R1f3 Bc7 28. Rxf7 Bb6 29. Qf2 Qe6 30. R3f6 Qe8 31.
Qf5 1-0

[Event "Sparkassen Open A"]
[Site "Dortmund GER"]
[Date "2010.07.18"]
[Round "2"]
[White "Lauche,Christoph"]
[Black "Savchenko,Alek"]
[Result "0-1"]
[WhiteElo "1918"]
[BlackElo "2275"]
[EventDate "2010.07.17"]

1. e4 c5 2. b4 b6 3. bxc5 bxc5 4. Nc3 e6 5. g3 Nc6 6. Bg2 Ba6 7. Nge2 Nge7
8. O-O Nd4 9. d3 Nec6 10. f4 Rb8 11. f5 Be7 12. Nf4 g6 13. Nce2 exf5 14. c3
Nxe2+ 15. Qxe2 fxe4 16. Qxe4 O-O 17. Nd5 f5 18. Qe2 Bg5 19. Bf4 Bxf4 20.
Nxf4 Re8 21. Qf2 Qa5 22. Nd5 Kg7 23. Qf4 Re5 24. Ne3 Qxc3 25. Bxc6 dxc6 26.
Ng4 fxg4 27. Qf6+ Kh6 28. Qf4+ Kh5 29. Qf6 Qd4+ 30. Kh1 Rg5 0-1

[Event "Sparkassen Open A"]
[Site "Dortmund GER"]
[Date "2010.07.18"]
[Round "2"]
[White "Kubo,T"]
[Black "Tkachuk,K"]
[Result "1/2-1/2"]
[WhiteElo "1992"]
[BlackElo "2181"]
[EventDate "2010.07.17"]

1. d4 Nf6 2. Nf3 g6 3. g3 Bg7 4. Bg2 O-O 5. O-O d6 6. c4 c6 7. Nc3 Nbd7 8.
Qc2 e5 9. Rd1 Re8 10. e4 Qc7 11. h3 a6 12. b3 b6 13. Be3 c5 14. d5 Rf8 15.
Kh2 Nh5 16. Rf1 Rb8 17. a4 Qd8 18. Rae1 Qe7 19. Bc1 f5 20. exf5 gxf5 21.
Ng5 Ndf6 22. f4 e4 23. g4 fxg4 24. Ncxe4 Bf5 25. Nxd6 g3+ 26. Kh1 Qxe1 27.
Nxf5 Rbe8 28. Ne6 Rxe6 29. dxe6 Qxe6 30. Nxg7 Nxg7 31. Bb2 Nf5 32. Qc3 Qe2
33. Qe5 Ne4 34. Qe6+ Rf7 35. Qe8+ Rf8 36. Qe6+ Rf7 1/2-1/2

[Event "Sparkassen Open A"]
[Site "Dortmund GER"]
[Date "2010.07.18"]
[Round "2"]
[White "Harff,M"]
[Black "Mundorf,J"]
[Result "1-0"]
[WhiteElo "2168"]
[BlackElo "1903"]
[EventDate "2010.07.17"]

1. c4 b6 2. d4 Bb7 3. Nf3 e6 4. g3 Bb4+ 5. Bd2 a5 6. Bg2 f5 7. O-O Nf6 8.
a3 Bxd2 9. Qxd2 d6 10. Qe3 Qe7 11. Nc3 O-O 12. d5 e5 13. h3 a4 14. Nd4 Qd7
15. Ne6 Rf7 16. Rfd1 Na6 17. Nb5 Nxd5 18. Bxd5 Bxd5 19. Nexc7 Nxc7 20. Nxc7
Qxc7 21. cxd5 f4 22. gxf4 Rxf4 23. Rac1 Qf7 24. Qxb6 Rf8 25. Qxd6 Rg4+ 26.
Kh1 Qxf2 27. Qe6+ 1-0

[Event "Sparkassen Open A"]
[Site "Dortmund GER"]
[Date "2010.07.18"]
[Round "2"]
[White "Grahl,Matthias"]
[Black "Wittenberg,A"]
[Result "0-1"]
[WhiteElo "1776"]
[BlackElo "2143"]
[EventDate "2010.07.17"]

1. e4 e6 2. d4 d5 3. Nc3 Nc6 4. Nf3 Nf6 5. Bg5 Bb4 6. e5 h6 7. Bd2 Ne4 8.
Bd3 Bxc3 9. Bxc3 b6 10. Qe2 Bb7 11. Bxe4 dxe4 12. Qxe4 Qd7 13. O-O-O O-O-O
14. Qd3 g5 15. Rhe1 Qe7 16. Qe3 Rd5 17. Nd2 Rhd8 18. Ne4 Nb4 19. Bxb4 Qxb4
20. Qc3 Qxc3 21. bxc3 Ra5 22. Kb2 Bd5 23. a3 Ra4 24. f3 Bc4 25. Nd2 Rd5 26.
Nxc4 Rb5+ 27. Kc1 Rxc4 28. Kd2 Ra4 29. Ra1 Rba5 30. Re4 Rxa3 31. Rxa3 Rxa3
32. h4 Ra1 33. hxg5 hxg5 34. Rg4 a5 35. c4 a4 36. Kc3 Rb1 37. d5 a3 38. c5
a2 0-1

[Event "Sparkassen Open A"]
[Site "Dortmund GER"]
[Date "2010.07.18"]
[Round "2"]
[White "Carmesin,M"]
[Black "Busche,K"]
[Result "1-0"]
[WhiteElo "1859"]
[BlackElo "2071"]
[EventDate "2010.07.17"]

1. e4 d5 2. exd5 Nf6 3. c4 e6 4. d4 exd5 5. Nc3 Bb4 6. Nf3 O-O 7. Be2 dxc4
8. Bxc4 Bg4 9. Be3 Nc6 10. O-O Rb8 11. a3 Bxf3 12. gxf3 Bxc3 13. bxc3 Nd5
14. Qd2 Kh8 15. Kh1 f5 16. Bg5 Qd6 17. Rg1 f4 18. Rg4 Nb6 19. Bd3 Rbe8 20.
Rag1 Qd5 21. Rxf4 Rxf4 22. Qxf4 Nd7 23. Be4 Qd6 24. Qh4 Nf8 25. Bf4 Qe7 26.
Qh3 Qf7 27. Be3 Ne7 28. Qg3 Neg6 29. d5 b6 30. Bd4 Re7 31. c4 Qe8 32. h4
Rxe4 33. Bxg7+ Kxg7 34. fxe4 Qxe4+ 35. Kh2 Kh6 36. Qg5+ Kg7 37. h5 Qxc4 38.
hxg6 Nxg6 39. Rc1 Qf4+ 40. Qxf4 Nxf4 41. Rxc7+ Kf6 42. d6 Ke6 1-0

[Event "Sparkassen Open A"]
[Site "Dortmund GER"]
[Date "2010.07.18"]
[Round "2"]
[White "Glahn,Michael"]
[Black "Boehm,Ju2"]
[Result "1/2-1/2"]
[WhiteElo "1826"]
[BlackElo "2214"]
[EventDate "2010.07.17"]

1. e4 e6 2. d4 d5 3. Nc3 Bb4 4. Bd3 dxe4 5. Bxe4 Nf6 6. Bd3 c5 7. Nge2 cxd4
8. Bb5+ Bd7 9. Qxd4 Nc6 10. Bxc6 Bxc3+ 11. Nxc3 Bxc6 12. Qxd8+ Rxd8 13. O-O
Ne4 14. Nxe4 Bxe4 15. c3 Kd7 16. Be3 1/2-1/2

[Event "Sparkassen Open A"]
[Site "Dortmund GER"]
[Date "2010.07.18"]
[Round "2"]
[White "Hecht,C"]
[Black "Franke,T"]
[Result "1/2-1/2"]
[WhiteElo "1773"]
[BlackElo "2198"]
[EventDate "2010.07.17"]

1. e4 e6 2. d4 d5 3. e5 c5 4. c3 Bd7 5. Nf3 Nc6 6. Be2 Nge7 7. Na3 cxd4 8.
cxd4 Nf5 9. Nc2 Qb6 10. O-O Na5 11. b3 Rc8 12. Bb2 Be7 13. Bd3 Bb5 14. Rc1
O-O 15. Re1 Bxd3 16. Qxd3 Nc6 17. Ne3 Nxe3 18. Qxe3 a6 19. h3 Qa5 20. a3
Na7 21. Rxc8 Rxc8 22. Rc1 Rc6 23. Ne1 Qb6 24. b4 a5 25. Bc3 Qc7 26. Bd2
Rxc1 27. Bxc1 axb4 28. axb4 Bxb4 29. Nd3 Be7 30. f4 Qc4 31. f5 exf5 32. e6
Nc6 33. exf7+ Kxf7 34. Bb2 h6 35. Nf4 Nd8 36. Nd3 Bd6 37. Qf3 Kg8 38. Qxf5
Nf7 39. Ne5 Nxe5 40. dxe5 Bc5+ 41. Kh1 Qe4 42. Qc8+ Bf8 43. Qxb7 Kh7 44.
Qc6 Qb1+ 45. Qc1 Qxc1+ 46. Bxc1 Kg6 47. g4 Kf7 48. Bf4 Ke6 49. Kg2 Bc5 50.
Kf3 Bd4 51. Bc1 Bxe5 52. Ba3 Kf6 53. Bc1 Bd4 54. Bd2 Ke6 55. Kf4 Bb2 56.
Bb4 Bc1+ 57. Kf3 g6 58. Bc3 Kd6 59. Bd4 Kc6 60. Ke2 Kb5 61. Kd3 h5 62. gxh5
gxh5 63. Bf6 Kc5 64. Bd4+ Kd6 65. Bf6 Ke6 66. Bc3 Bg5 67. Be1 Bf6 68. Bd2
Kf5 69. Be3 Be5 70. Bd2 Bf4 71. Be1 Bc7 72. Bd2 Ke6 73. Bg5 Bg3 74. Bd2 Bf2
1/2-1/2

[Event "Sparkassen Open A"]
[Site "Dortmund GER"]
[Date "2010.07.18"]
[Round "2"]
[White "Bub,V"]
[Black "Gaul,A"]
[Result "1-0"]
[WhiteElo "2193"]
[BlackElo "1852"]
[EventDate "2010.07.17"]

1. Nf3 c5 2. g3 d5 3. Bg2 Nc6 4. d3 Nf6 5. O-O e5 6. Bg5 Be7 7. Bxf6 Bxf6
8. Nbd2 O-O 9. e4 d4 10. Ne1 g6 11. f4 Bg7 12. f5 g5 13. Bf3 b5 14. a4 Ba6
15. Rf2 Rb8 16. axb5 Bxb5 17. b3 a5 18. Bh5 f6 19. h4 h6 20. Nef3 Nb4 21.
Nh2 Ra8 22. Bg6 a4 23. hxg5 axb3 24. Nxb3 Rxa1 25. Qxa1 c4 26. Nc5 hxg5 27.
Qd1 Qe7 28. Qh5 Bh8 29. Ng4 Bd7 30. Rh2 Qxc5 31. Qh7+ 1-0

[Event "Sparkassen Open A"]
[Site "Dortmund GER"]
[Date "2010.07.18"]
[Round "2"]
[White "Schuelke,T"]
[Black "Henkemeier,Markus"]
[Result "0-1"]
[WhiteElo "2053"]
[BlackElo "1822"]
[EventDate "2010.07.17"]

1. g3 c6 2. Bg2 Nf6 3. d3 e5 4. Nd2 d5 5. a3 Be6 6. c3 Bd6 7. b4 Qd7 8. e4
O-O 9. Ngf3 a5 10. Bb2 axb4 11. cxb4 d4 12. O-O Na6 13. Rc1 c5 14. bxc5
Nxc5 15. Nxe5 Bxe5 16. Rxc5 Bd6 17. Rc1 Bxa3 18. Bxa3 Rxa3 19. Nc4 Bxc4 20.
Rxc4 Rc8 21. Rb4 b5 22. Qb1 Rc5 23. Rd1 Ne8 24. Bf1 Nc7 25. Rb3 Ra5 26. Rc1
Qc6 27. Rxc5 Qxc5 28. Qe1 Ra3 29. Qb4 Qxb4 30. Rxb4 Ra4 31. Rb2 Kf8 32. f4
Ke7 33. Kf2 Kd6 34. Be2 Kc6 35. Bd1 Ra3 36. Bb3 f6 37. e5 fxe5 38. fxe5 Na6
39. Rc2+ Nc5 40. Bg8 Rc3 41. Rd2 h6 42. Kf3 b4 43. Re2 Rxd3+ 44. Kf4 Kd7
45. Ra2 b3 46. Ra7+ Kc6 47. Bc4 Rc3 48. Bf7 b2 49. Ba2 Re3 50. e6 Nxe6+ 51.
Kf5 Nc7 52. Ra4 Nb5 53. Rb4 Nd6+ 54. Kf4 g5+ 55. Kg4 Re2 56. h4 gxh4 57.
gxh4 d3 58. Rd4 Re4+ 59. Rxe4 Nxe4 60. Kf3 Nc3 0-1

[Event "Sparkassen Open A"]
[Site "Dortmund GER"]
[Date "2010.07.18"]
[Round "2"]
[White "Butschek,T"]
[Black "Lienau,H"]
[Result "1-0"]
[WhiteElo "2040"]
[BlackElo "1763"]
[EventDate "2010.07.17"]

1. e4 c5 2. Nf3 g6 3. d4 cxd4 4. Qxd4 Nf6 5. Nc3 Nc6 6. Qa4 d6 7. e5 dxe5
8. Nxe5 Bd7 9. Nxd7 Qxd7 10. Bb5 Bg7 11. O-O O-O 12. Rd1 Qe6 13. Bf4 a6 14.
Bxc6 Qxc6 15. Qxc6 bxc6 16. Rd3 Rfd8 17. Rad1 Rxd3 18. Rxd3 Kf8 19. Be5 Ke8
20. Na4 Bh6 21. Nc5 Nd5 22. Rh3 Bf8 23. Rxh7 Nb4 24. Rh8 f6 25. Ne6 Kf7 26.
Bc3 Nxc2 27. Rxf8+ Rxf8 28. Nxf8 Kxf8 29. Kf1 c5 30. Ke2 Nd4+ 31. Bxd4 cxd4
32. h4 f5 1-0

[Event "Sparkassen Open A"]
[Site "Dortmund GER"]
[Date "2010.07.19"]
[Round "3"]
[White "Zaitsev,Mikhail V"]
[Black "Chilla,J"]
[Result "1-0"]
[WhiteElo "2507"]
[BlackElo "2143"]
[EventDate "2010.07.17"]

1. e4 d5 2. exd5 Qxd5 3. Nc3 Qa5 4. d4 c6 5. Nf3 Nf6 6. Bc4 Bf5 7. Bd2 e6
8. Nd5 Qd8 9. Nxf6+ gxf6 10. c3 Nd7 11. Qe2 Qc7 12. Nh4 Bg6 13. O-O-O O-O-O
14. g3 Bd6 15. Ng2 e5 16. Nh4 Rhe8 17. d5 cxd5 18. Bxd5 Nb6 19. Bb3 Kb8 20.
Nxg6 fxg6 21. h4 e4 22. Be3 Be5 23. h5 Rxd1+ 24. Rxd1 Rd8 25. h6 f5 26.
Rxd8+ Qxd8 27. Qb5 Bc7 28. a4 Nd7 29. Bd5 Nb6 30. Be6 Qe7 31. Bg8 f4 32.
gxf4 Qf8 33. Bxh7 Bxf4 34. Bxg6 Bxh6 35. Qe5+ Ka8 36. Bxh6 Qxh6+ 37. Kb1 a6
38. Bxe4 Qd2 39. Qd4 Qxd4 40. cxd4 Nxa4 41. f4 Nb6 42. Kc2 Kb8 43. Kc3 Kc7
44. f5 Nd7 45. Kc4 Nf6 46. Bh1 b6 47. b4 Kc8 48. Bf3 Kc7 49. Kc3 Kc8 50.
Be2 Kb7 51. Bc4 a5 52. bxa5 bxa5 53. Be6 Kc6 54. Kc4 Ne8 55. Bd5+ Kb6 56.
Be4 Nf6 57. Bf3 Kc7 58. Kb5 Ne8 59. Kxa5 Nd6 60. f6 Kd7 61. Bg4+ Ke8 62.
Be6 Ne4 63. f7+ Ke7 64. Kb6 Nd6 65. Kc6 Ne4 66. d5 Ng5 67. d6+ Kf8 68. Bd5
Nh7 69. d7 Ke7 70. Kc7 1-0

[Event "Sparkassen Open A"]
[Site "Dortmund GER"]
[Date "2010.07.19"]
[Round "3"]
[White "Richter,Gera"]
[Black "Henrichs,T"]
[Result "1/2-1/2"]
[WhiteElo "2119"]
[BlackElo "2490"]
[EventDate "2010.07.17"]

1. d4 Nf6 2. c4 c5 3. d5 e6 4. Nc3 exd5 5. cxd5 d6 6. e4 g6 7. Nf3 a6 8. a4
Bg4 9. Be2 Bxf3 10. Bxf3 Bg7 11. O-O O-O 12. Bf4 Qe7 13. a5 Nbd7 14. Qc2 h5
15. Ra3 Nh7 16. Bd2 Rac8 17. g3 Rc7 18. Bg2 h4 19. Nd1 hxg3 20. hxg3 Bd4
21. Ne3 Ne5 22. f4 Ng4 23. Kh1 Nhf6 24. Bf3 Nxe3 25. Bxe3 Bxe3 26. Rxe3
Nxd5 27. Re2 Nb4 28. Qd2 Nc6 29. Rh2 Kg7 30. e5 dxe5 31. f5 g5 32. Bxc6 f6
33. Qg2 Rh8 34. Ba4 Rxh2+ 35. Kxh2 c4 36. Rd1 Qb4 37. Be8 Qxa5 38. Qe2 Qc5
39. Rd2 c3 40. bxc3 Qxc3 41. Ba4 Qb4 42. Bd1 e4 43. Rd8 Qc5 44. Bb3 Qxf5
45. Re8 Rc3 46. Rg8+ Kh6 47. Rh8+ Kg7 48. Rg8+ Kh6 49. Rh8+ 1/2-1/2

[Event "Sparkassen Open A"]
[Site "Dortmund GER"]
[Date "2010.07.19"]
[Round "3"]
[White "Cherniaev,A1"]
[Black "Kuznetsov,Mar"]
[Result "1-0"]
[WhiteElo "2469"]
[BlackElo "2085"]
[EventDate "2010.07.17"]

1. e4 e5 2. f4 d5 3. exd5 exf4 4. Nf3 Be7 5. Bc4 Nf6 6. d4 Nxd5 7. Bxd5
Qxd5 8. O-O O-O 9. Bxf4 c5 10. Nc3 Qc4 11. Qe1 Bf6 12. b3 Qe6 13. Ne4 Bxd4+
14. Nxd4 cxd4 15. Bxb8 Rxb8 16. Qg3 Bd7 17. Nf6+ Kh8 18. Rae1 Qc6 19. Qh4
gxf6 20. Rxf6 Qc3 21. Rf3 Qc6 22. Re7 Qb6 23. Rfxf7 Rxf7 24. Rxf7 d3+ 25.
Kh1 Bf5 26. Qg3 1-0

[Event "Sparkassen Open A"]
[Site "Dortmund GER"]
[Date "2010.07.19"]
[Round "3"]
[White "Aulich,M"]
[Black "Nalbandian,T"]
[Result "0-1"]
[WhiteElo "2102"]
[BlackElo "2453"]
[EventDate "2010.07.17"]

1. e4 c5 2. Nf3 Nc6 3. d4 cxd4 4. Nxd4 e5 5. Nb5 d6 6. a4 a6 7. N5a3 Be7 8.
Nc3 Nf6 9. Bg5 O-O 10. Bxf6 Bxf6 11. Nc4 Nb4 12. Nd5 Nxd5 13. Qxd5 Be6 14.
Qxd6 Qc8 15. Qb4 Rd8 16. Bd3 Rd4 17. b3 a5 18. Qa3 Bxc4 19. bxc4 Qc7 20.
O-O Be7 21. Qb2 Bc5 22. Rad1 Rad8 23. Qb1 Qd6 24. Be2 Qc6 25. c3 Rd2 26.
Qc1 Qh6 27. Rxd2 Rxd2 28. Rd1 Rxe2 29. Rd8+ Bf8 30. Qd1 Qb6 31. Rxf8+ Kxf8
32. Qxe2 Qb1+ 33. Qf1 Qxf1+ 34. Kxf1 Ke7 35. Ke2 Kd6 36. Ke3 Kc5 37. Kd3 g5
38. g4 f6 39. Kd2 Kxc4 40. Kc2 b5 0-1

[Event "Sparkassen Open A"]
[Site "Dortmund GER"]
[Date "2010.07.19"]
[Round "3"]
[White "Michalczak,T"]
[Black "Krueger,An"]
[Result "1-0"]
[WhiteElo "2367"]
[BlackElo "2061"]
[EventDate "2010.07.17"]

1. e4 e6 2. d4 d5 3. Nc3 Bb4 4. e5 c5 5. a3 Bxc3+ 6. bxc3 Qa5 7. Bd2 Qa4 8.
Qb1 c4 9. h4 Nc6 10. h5 h6 11. g4 Bd7 12. f4 O-O-O 13. Nf3 Nge7 14. Be2 f6
15. Be3 Rdf8 16. Kd2 g6 17. exf6 Rxf6 18. Ne5 Be8 19. hxg6 Nxg6 20. g5 hxg5
21. Rxh8 Nxh8 22. fxg5 Rf8 23. Nxc6 Qxc6 24. Qb4 Ng6 25. Rh1 Rh8 26. Rh6
Rg8 27. Bg4 a6 28. Rh7 Nf8 29. Re7 Bd7 30. Rg7 Rh8 31. Bf4 1-0

[Event "Sparkassen Open A"]
[Site "Dortmund GER"]
[Date "2010.07.19"]
[Round "3"]
[White "Strathoff,J"]
[Black "Frombach,R"]
[Result "0-1"]
[WhiteElo "2080"]
[BlackElo "2224"]
[EventDate "2010.07.17"]

1. e4 c5 2. c4 Nc6 3. Ne2 Nf6 4. Nbc3 e6 5. d4 d5 6. cxd5 exd5 7. exd5 Nxd5
8. dxc5 Ndb4 9. Qxd8+ Nxd8 10. Nd4 Bxc5 11. Bb5+ Ndc6 12. Nce2 O-O 13. Bxc6
bxc6 14. O-O Ba6 15. Be3 Bxd4 16. Nxd4 Bxf1 17. Kxf1 c5 18. Nf5 Nc2 19. Rc1
Nxe3+ 20. fxe3 Rfe8 21. Rxc5 g6 22. Nh6+ Kg7 23. Ng4 Rac8 24. Ra5 h5 25.
Ne5 Rc1+ 26. Kf2 Rc2+ 27. Kf3 Rxb2 28. Nc4 Rc2 29. Nd6 Re6 30. Ne4 a6 31.
h4 Rc4 32. Ng5 Rf6+ 33. Kg3 Rc3 0-1

[Event "Sparkassen Open A"]
[Site "Dortmund GER"]
[Date "2010.07.19"]
[Round "3"]
[White "Liedtke,D"]
[Black "Konow,P"]
[Result "1-0"]
[WhiteElo "2191"]
[BlackElo "1889"]
[EventDate "2010.07.17"]

1. c4 e6 2. g3 d5 3. Nf3 Nf6 4. Bg2 c5 5. O-O Nc6 6. cxd5 exd5 7. d4 Be7 8.
Nc3 O-O 9. dxc5 Bxc5 10. Bg5 d4 11. Bxf6 Qxf6 12. Ne4 Qe7 13. Nxc5 Qxc5 14.
Rc1 Qb6 15. Qc2 h6 16. b3 Re8 17. Rfd1 Bg4 18. Rd2 Re6 19. h3 Bh5 20. Qc5
Qxc5 21. Rxc5 Bg6 22. Nh4 Be4 23. Nf5 Rd8 24. g4 Kh7 25. f3 Bxf5 26. gxf5
Re3 27. Kf2 Rde8 28. Rd5 R8e5 29. Rxe5 Rxe5 30. f4 Rxf5 31. Be4 Kg6 32. Kf3
Kf6 33. Bxf5 Kxf5 34. Rc2 Ke6 35. Rc1 g5 36. h4 f6 37. Rc5 Kd6 38. Rc1 Ke6
39. hxg5 hxg5 40. Rc5 Kd6 41. Rc1 Ke6 42. Rh1 Kf5 43. fxg5 fxg5 44. Rh7 g4+
45. Kg2 Nb4 46. Rxb7 Nxa2 47. Rxa7 Nc3 48. Re7 Kf4 49. Re8 Nd5 50. Rd8 Ne3+
51. Kg1 Nc2 52. b4 Ke3 53. Re8+ Kd2 54. b5 1-0

[Event "Sparkassen Open A"]
[Site "Dortmund GER"]
[Date "2010.07.19"]
[Round "3"]
[White "Neuer,T"]
[Black "Bach,Mat"]
[Result "0-1"]
[WhiteElo "2090"]
[BlackElo "2303"]
[EventDate "2010.07.17"]

1. Nf3 Nf6 2. g3 d5 3. c4 e6 4. Bg2 c5 5. cxd5 exd5 6. d4 Nc6 7. O-O Be7 8.
dxc5 Bxc5 9. a3 a5 10. Bg5 O-O 11. Nc3 d4 12. Bxf6 Qxf6 13. Nd5 Qd8 14. Nd2
Re8 15. Rc1 Ba7 16. Ne4 Bg4 17. Re1 Re5 18. Nf4 Qe7 19. f3 Bf5 20. Nd3 Bxe4
21. Nxe5 Nxe5 22. fxe4 Qg5 23. Rc7 Rf8 24. Rxb7 Qe3+ 25. Kh1 Ng4 26. Qc1
Nf2+ 27. Kg1 Nh3+ 0-1

[Event "Sparkassen Open A"]
[Site "Dortmund GER"]
[Date "2010.07.19"]
[Round "3"]
[White "Savchenko,Alek"]
[Black "Quast,M"]
[Result "1/2-1/2"]
[WhiteElo "2275"]
[BlackElo "2146"]
[EventDate "2010.07.17"]

1. d4 f5 2. g4 fxg4 3. h3 g3 4. fxg3 d5 5. Bg2 Nf6 6. Bf4 Bf5 7. c4 e6 8.
Nc3 Bd6 9. e3 c6 10. Qb3 b6 11. Nge2 Qe7 12. O-O Nbd7 13. Bxd6 Qxd6 14.
cxd5 cxd5 15. Nxd5 Rc8 16. Nxf6+ Nxf6 17. Qa4+ Qd7 18. Qxd7+ Kxd7 19. Nc3
Rhd8 20. Rad1 Ke7 21. e4 Rxc3 22. bxc3 Nxe4 23. Rde1 Nxg3 24. Rf3 Ne4 25.
Rf4 Nd6 26. d5 g6 27. dxe6 Rc8 28. Rf3 Nb5 29. Ree3 Nc7 30. Rf4 Rd8 31. Rd4
Bxe6 32. h4 Rxd4 33. cxd4 Kd6 34. Re2 Nb5 35. Rd2 Nc3 36. Kf2 b5 37. a3 a5
38. Ke3 Bc4 39. Be4 b4 40. axb4 axb4 41. Bd3 Be6 42. Rh2 Bf7 43. h5 gxh5
44. Bxh7 Nd5+ 45. Kd2 Nb6 46. Rg2 Kc6 47. Bg6 Bd5 48. Rh2 Kb5 49. Bd3+ Ka4
50. Rxh5 Kb3 51. Rg5 Nc4+ 52. Ke2 Nb6 53. Rg6 Nc4 54. Rg5 Nb6 55. Ke3 Nc4+
56. Kf4 Kc3 57. Rxd5 Kxd3 58. Rb5 Kc3 59. d5 b3 60. Rb8 b2 61. Kg5 Nd2 62.
d6 Ne4+ 63. Kf4 Nxd6 64. Rxb2 Kxb2 1/2-1/2

[Event "Sparkassen Open A"]
[Site "Dortmund GER"]
[Date "2010.07.19"]
[Round "3"]
[White "Wittenberg,A"]
[Black "Thanabalasingam,A"]
[Result "0-1"]
[WhiteElo "2143"]
[BlackElo "1940"]
[EventDate "2010.07.17"]

1. d4 Nf6 2. Nf3 g6 3. g3 Bg7 4. Bg2 O-O 5. O-O d6 6. b3 Nbd7 7. Bb2 c6 8.
Nbd2 Qc7 9. e4 Re8 10. Re1 e5 11. a4 a5 12. Bc3 b5 13. Nf1 Bb7 14. Qd2 b4
15. Bb2 c5 16. d5 c4 17. Qd1 Nc5 18. bxc4 Nfxe4 19. N3d2 Nxd2 20. Nxd2 f5
21. c3 Nd3 22. Qc2 Nxe1 23. Rxe1 Ba6 24. cxb4 axb4 25. Qb3 Rab8 26. Rc1 Qc5
27. Bf1 Bh6 28. Rc2 Bc8 29. Qd3 Bd7 30. Nb3 Qa7 31. c5 Bxa4 32. cxd6 Bb5
33. Qd1 Qd7 34. f4 Bg7 35. Rc7 Qxd6 36. Rxg7+ Kxg7 37. fxe5 Qb6+ 38. Bd4
Qb7 39. Bg2 Rbd8 40. Nc5 Qa8 41. Qb3 Qa3 42. e6+ Kg8 43. Qc2 b3 44. Qd2 Qa2
45. Bb2 Qb1+ 46. Kf2 Qc2 47. Ke3 Qxc5+ 0-1

[Event "Sparkassen Open A"]
[Site "Dortmund GER"]
[Date "2010.07.19"]
[Round "3"]
[White "Steinle,C"]
[Black "Bauschmann,C"]
[Result "1-0"]
[WhiteElo "2151"]
[BlackElo "1871"]
[EventDate "2010.07.17"]

1. d4 d5 2. Nf3 Nf6 3. b3 Ne4 4. e3 Bg4 5. Be2 e6 6. O-O Nd7 7. Bb2 Bd6 8.
Ne5 Bxe2 9. Qxe2 Nxe5 10. dxe5 Be7 11. Qb5+ Qd7 12. Qxb7 O-O 13. Qa6 f6 14.
f3 Ng5 15. Nd2 fxe5 16. Bxe5 Bb4 17. Rad1 Rf5 18. Bg3 d4 19. Qd3 Rd5 20. e4
1-0